00605nam a2200169 a 4500008004100000020001500041050001600056100001700072245001900089246002900108260002800137300001900165350000900184995009300193999001700286952013200303120416s1990 ||||||||||||||||| || u a0333488369 aHF 5429 Dav aDavies, Gary10aSmall business athe independent retailer aLondonbMacmillanc1990 ax, 186p. : ill a0.00 D0.00FCBU-MAIN LIBRARY (Kitwe)H1I35.00UAVAILABLEZMain Library Open Access Collection c57565d57565 00102lcc4070a001b001cMain Library Open Access Collectiond2022-11-30l0oHF 5429 Davp004908r2022-11-30w2022-11-30y002